000 00219nam a2200097Ia 4500
008 220204s9999 xx 000 0 und d
082 _a82-3
_bHIG
100 _aHiggins, Jack
245 0 _aLast place God made
942 _cBK
999 _c33448
_d33448